| 000 | 00994 a2200193 4500 | ||
|---|---|---|---|
| 003 | Nust | ||
| 005 | 20221025162035.0 | ||
| 020 | _a81-89411-28-4 | ||
| 040 | _cNust | ||
| 082 | _a621.3,GOD | ||
| 100 |
_aA.P Godse _9101385 |
||
| 245 |
_aElectronic Devices And Circuits-I / _cA.P.Godse-U.A.Bakshi |
||
| 250 | _a3rd | ||
| 260 |
_aIndia _bTechnical Publication Pune _c2010 |
||
| 300 | _axvi,812,p | ||
| 505 | _aSemiconductor Physics (Page-1), Semiconductor Diode Characteristics (Page-71), Rectifiers and Filters (Page-133), Clippers, Clampers and Multipliers (Page-211), Bipolar Junction Transistor (Page-256), Transistor Biasing (Page-305), BJT as Small Signal Low Frequency Amplifier (Page-439), Field Effect Transistor (Page-540), FET Biasing (Page-568), Amplifier Frequency Response (Page-662), Special Semiconductor Devices (Page-684), Electronics Materials & Components (Page-714), Data Sheets and Parameters (Page-767). | ||
| 650 | _aTelecommunication Engineering | ||
| 942 |
_2ddc _cBK |
||
| 999 |
_c189498 _d189498 |
||